Geography Quiz

Random Geography or City Quiz
Score 0/7 Timer 01:30
2 Plays Today
% Correct
Copenhagen
97.7%
Cairo
97.5%
Canberra
94.5%
Caracas
92.2%
Chisinau
85.8%
Castries
84.8%
Conakry
82.5%
Remove Ads.
Support Sporcle.
Get the best of Sporcle when you Go Orange. This ad-free experience offers more features, more stats, and more fun while also helping to support Sporcle. Thank you for becoming a member.

You're not logged in!

Compare scores with friends on all Sporcle quizzes.
OR
Log In

Show Comments

Extras

Top Quizzes Today


Score Distribution

Your Account Isn't Verified!

In order to create a playlist on Sporcle, you need to verify the email address you used during registration. Go to your Sporcle Settings to finish the process.

Report this User

Report this user for behavior that violates our Community Guidelines.

Details: